01304 a2200241 45000010006000000050017000060080041000230030015000640400040000790800121001192450074002400200022003142640083003363000019004195050322004381000017007607000029007777000017008067000027008237000031008507000023008818560158009042452820260407155529.0260407a2011 arg spa dAR-UNSa-BCEJYS aAR-UNSa-BCEJYSbspacAR-UNSa-BCEJYS a342.7xDerechos fundamentales. Derechos humanos. Derechos y deberes de los ciudadanos (Derecho a la Salud, vivienda)10aPrácticas para asistir y defender a niños, niñas y adolescentes a978-987-1407-29-3 1aBuenos Aires :bMinisterio de Justicia y Derechos Humanos de la Naciónc2011 a159 p.c22 cm. a1. Niñez y Derecho - 2. El derecho penal y los derechos de niños, niñas y adolescentes : Niñez, violencia, derecho y cambio social - 3. Consumo de sustancias - 4. Maltrato infanitl en las organizacions familiares - 5. Abuso sexual infantil(ASI).Aspectos forenses-roles y responsabilidades del sistema penal. 1 aGiberti, Eva1 aÁlvarez, José Atilio1 aBeloff, Mary1 aBerlinerblau, Virginia1 aBringiotti, María Inés1 aCalabrese, Alberto41uhttps://biblioeco.unsa.edu.ar/pmb/images/libros/Practicas para asistir y defender a ni?os, ni?as y adolecentes-l118600.jpgyImagen de portadaqimage/jpeg